000 00525nam a2200169Ia 4500
003 GCL
008 140319s9999 xx 000 0 ara d
040 _aGCL /
_cGCL
082 0 4 _a224.1
_bى ك
100 1 _aيحيى عبدالله المعلمى
245 1 0 _aكلمات قرانية او مفردات القران /
_cيحيى عبدالله المعلمى
260 _a[S.N] :
_bدار المعلمى للنشر ،
_c1990
300 _a425 ص
490 _a
650 0 4 _aالقران - الفاظ
942 _2ddc
_cBK
999 _c42165
_d42165